000 02318ncm0a2200397 4500
001 RU\NLR\ONIZ\215285
005 20250626044850.0
010 _a978-5-85939-911-6
021 _aRU
_b11-391н
_911-32н
035 _a(NLR Aleph) 011337640
090 _a11171883
_c11171883
100 _a20161028d2011 |||y0rusy50 ca
101 0 _arus
102 _aRU
125 _azx
145 0 _ac
200 1 _aНотная хрестоматия.
_bНоты
_eпособие для учителя к учебнику "Музыка"
_e2 кл.
_fВ. О. Усачёва, Д. В. Кузнецов, М. Д. Кабалевская
210 _aМосква
_cБаласс
_d2011
215 _a144 с.
_d26 см
313 _aСистематизация документа проведена по изданию - Методика классифицирования музыкальных произведений (нотных изданий) по таблицам Библиотечно-библиографических классификаций : метод. рекомендации / Гос. б-ка СССР им. В.И. Ленина.- М., 1977. Индексу ББК методических рекомендаций присваивается код ББК для научных библиотек - LBC/SL
606 1 _aХрестоматии для общеобразовательных школ
_xПособие для учителя
_yРоссия
_z20-21 век
_jНоты
_2nlr_sh
686 _aЩ98я71
_vLBC/SL
_2rubbk
700 1 _9z01790
_aУсачёва
_bВ. О.
_f1955-
_gВалерия Олеговна
_4070
701 1 _4070
_7ca
_8rus
_aКузнецов
_bД. В.
_cдирижёр
_gДмитрий Валентинович
_9270481
_3RU\NLR\AUTH\770270537
701 1 _9z03790
_aКабалевская
_bМ. Д.
_gМария Дмитриевна
_4070
_7ca
790 1 _9z01700
_aUsačjova
_bV. O.
_f1955-
_gValerija Olegovna
_4070
_7ba
790 1 _9z02701
_aKuznecov
_bD. V.
_gDmitrij Valentinovič
_4070
_7ba
790 1 _9z03701
_aKabalevskaja
_bM. D.
_gMarija Dmitrievna
_4070
_7ba
801 0 _aRU
_bNLR
_c20161028
_gPSBO
801 1 _aRU
_bNLR
_c20161028
_2rusmarc
801 2 _aRU
_bNLR
_c20190630
852 _aNLR
_bМ
_jК-3/26135
_pМОЭ 2011-32н/391н
_t1
942 _cSCORE
980 _aNB
980 _aONIZ